Радиопередающие устройства (Запись № 10285697)

Подробности
000 -МАРКЕР
контрольное поле 01795nam1a2200289 i 4500
001 - ИДЕНТИФИКАТОР ЗАПИСИ
контрольное поле RU\NLR\BIBL_A\010830416
005 - ИДЕНТИФИКАТОР ВЕРСИИ
контрольное поле 20260405114021.0
010 ## - МЕЖДУНАРОДНЫЙ СТАНДАРТНЫЙ НОМЕР КНИГИ (ISBN)
Номер (ISBN) 9785502006029
035 ## - ДРУГИЕ СИСТЕМНЫЕ НОМЕРА
Идентификатор записи (NLR Aleph) 010830416
100 ## - ДАННЫЕ ОБЩЕЙ ОБРАБОТКИ
Данные общей обработки 20150828g20159999k y0rusy50 ca
101 0# - ЯЗЫК РЕСУРСА
Язык текста, звукозаписи и т.д. русский
102 ## - СТРАНА ПУБЛИКАЦИИ ИЛИ ПРОИЗВОДСТВА
Страна публикации Российская Федерация
105 ## - ПОЛЕ КОДИРОВАННЫХ ДАННЫХ: ТЕКСТОВЫЕ МАТЕРИАЛЫ, МОНОГРАФИЧЕСКИЕ
Кодированные данные о монографическом текстовом документе ||||j |||||
200 1# - ЗАГЛАВИЕ И СВЕДЕНИЯ ОБ ОТВЕТСТВЕННОСТИ
Основное заглавие Радиопередающие устройства
Сведения, относящиеся к заглавию учебно-методическое пособие для студентов заочной формы обучения по направлению подготовки 210400.62 - Радиотехника (профиль подготовки "Радиоэлектронные системы")
Первые сведения об ответственности Ю. Г. Белов, В. А. Дюшков, Э. А. Ермилов
Последующие сведения об ответственности М-во образования и науки Рос. Федерации, Федер. гос. бюджет. образоват. учреждение высш. проф. образования "Нижегородский гос. техн. ун-т им. Р. Е. Алексеева"
210 ## - ПУБЛИКАЦИЯ, РАСПРОСТРАНЕНИЕ И ДР.
Место издания, распространения и т.д. Нижний Новгород
Имя издателя, распространителя и т. д. Нижегородский государственный технический университет
Дата издания, распространения и т.д. 2015
215 ## - ФИЗИЧЕСКАЯ ХАРАКТЕРИСТИКА
Размеры 20
606 ## - НАИМЕНОВАНИЕ ТЕМЫ КАК ПРЕДМЕТ
Наименование темы Радиопередатчики
Формальный подзаголовок Учебно-методические пособия для заочного обучения
Системный номер авторитетной/нормативной записи 1102726
Идентификатор авторитетной/нормативной записи RU\NLR\AUTH\66114786
686 1# - ИНДЕКСЫ ДРУГИХ КЛАССИФИКАЦИЙ
Индекс З848я738-1
700 #1 - ИМЯ ЛИЦА - ПЕРВИЧНАЯ ОТВЕТСТВЕННОСТЬ
Материалы, к которым относится поле rus
Графика поля Кириллица
Начальный элемент ввода Белов
Часть имени, кроме начального элемента ввода Ю. Г.
Дополнения к именам, кроме дат д-р техн. наук
Расширение инициалов личного имени Юрий Георгиевич
Идентификатор авторитетной/нормативной записи RU\NLR\AUTH\7744614
Системный номер авторитетной/нормативной записи 27554
701 #1 - ИМЯ ЛИЦА - АЛЬТЕРНАТИВНАЯ ОТВЕТСТВЕННОСТЬ
Начальный элемент ввода Дюшков
Часть имени, кроме начального элемента ввода В. А.
701 #1 - ИМЯ ЛИЦА - АЛЬТЕРНАТИВНАЯ ОТВЕТСТВЕННОСТЬ
Начальный элемент ввода Ермилов
Часть имени, кроме начального элемента ввода Э. А.
Даты 1937-
Расширение инициалов личного имени Эдуард Андреевич
852 ## - МЕСТОНАХОЖДЕНИЕ И ШИФР ХРАНЕНИЯ
Идентификатор организации NLR
Шифр хранения (Call Number) 2015-4/13251
942 ## - ДОПОЛНИТЕЛЬНЫЕ ЭЛЕМЕНТЫ ЗАПИСИ (АБИС)
Тип экземпляра АБИС Книга
980 ## - КОЛЛЕКЦИЯ
Название коллекции НБР

Нет доступных экземпляров.